تبيين كذب المفتري فيما نسب الى الامام ابى الحسن الاشعري

Bibliographic Details
Main Author: ابن عساكر، علي بن الحسن (Author)
Other Authors: شرفاوي، انس محمد عدنان (Editor)
Format: Book
Language:Arabic
Published: دمشق : دار التقوي 2018
Edition:الطبعة الاولى
Subjects:

MARC

LEADER 00000cam a2200000 7i4500
001 0000098310
005 20220313093000.0
008 200616s2018 sy ara
020 |a 9789933610111 
040 |a UniSZA   |e rda 
050 0 0 |a BP80.A82   |b I26 2018 
090 0 0 |a BP80.A82   |b I26 2018 
100 1 |a ابن عساكر، علي بن الحسن ,   |e author 
241 1 0 |a Tabyin kadhib al-muftari fima nusaba ila al-Imam Abi al-Hasan al-Ash`ari 
245 1 0 |a تبيين كذب المفتري فيما نسب الى الامام ابى الحسن الاشعري   |c تاليف حافظ الدنيا الامام ابي القاسم علي بن الحسن بن عساكر ثقة الدين الدمشقي شافعي، شرف بخدمته انس محمد عدنان شرفاوي 
250 |a الطبعة الاولى 
264 1 |a دمشق :   |b دار التقوي   |c 2018 
300 |a 830 pages ;   |c 25 cm. 
336 |a text  |2 rdacontent 
337 |a unmediated  |2 rdamedia 
338 |a volume  |2 rdacarrier 
504 |a Includes bibliographical references (pages 801-821) and index 
600 1 0 |a Ahwazi, al-Hasan ibn 'Ali ,   |d 1054 or 1055 
600 1 0 |a Ash'ari, Abu al-Hasan 'Ali ibn Isma'il ,   |d 873-935 
650 0 |a Asharites 
650 0 |a Islam   |x Doctrines 
650 0 |a Muslims   |x Biography 
700 1 |a شرفاوي، انس محمد عدنان ,   |e editor 
999 |a 1000179397   |b Book   |c OPEN SHELF (30 DAYS)   |e Gong Badak Campus